[Event "Stuttgart-chA int"]
[Site "Ditzingen"]
[Date "2018.05.11"]
[Round "4"]
[White "Klings, Peter"]
[Black "Rohde, Patrick"]
[Result "1/2-1/2"]
[WhiteElo "2142"]
[BlackElo "1953"]
[PlyCount "46"]
[EventDate "2018.05.10"]
[EventType "swiss"]
[EventRounds "7"]
[EventCountry "GER"]
[SourceTitle "EXT 2020"]
[Source "ChessBase"]
[SourceDate "2019.10.17"]
[SourceVersion "1"]
[SourceVersionDate "2019.10.17"]
[SourceQuality "1"]

1. Nf3 Nf6 2. c4 g6 3. Nc3 Bg7 4. d4 d5 5. Bg5 Ne4 6. Bh4 Nxc3 7. bxc3 dxc4 8. Qa4+ Nd7 9. Qxc4 c5 10. e3 cxd4 11. exd4 0-0 12. Be2 Nb6 13. Qc5 Re8 14. 0-0 Be6 15. Rfe1 Rc8 16. Qa3 Qc7 17. Rac1 a6 18. Bg3 Nc4 19. Qa4 Qa5 20. Qxa5 Nxa5 21. Bf4 Nc4 22. Ng5 Bd5 23. Bf3 Bxf3 1/2-1/2

[Event "Stuttgart-chA int"]
[Site "Ditzingen"]
[Date "2018.05.10"]
[Round "1"]
[White "Rohde, Patrick"]
[Black "Kuberczyk, Christoph"]
[Result "1/2-1/2"]
[WhiteElo "1953"]
[BlackElo "2244"]
[PlyCount "65"]
[EventDate "2018.05.10"]
[EventType "swiss"]
[EventRounds "7"]
[EventCountry "GER"]
[SourceTitle "EXT 2020"]
[Source "ChessBase"]
[SourceDate "2019.10.17"]
[SourceVersion "1"]
[SourceVersionDate "2019.10.17"]
[SourceQuality "1"]

1. e4 c5 2. Nf3 d6 3. d4 cxd4 4. Nxd4 Nf6 5. Nc3 g6 6. f3 Bg7 7. Be3 Nc6 8. Qd2 0-0 9. Bc4 Bd7 10. 0-0-0 Rb8 11. h4 b5 12. Bb3 Na5 13. h5 Nc4 14. Bxc4 bxc4 15. Nd5 Nxd5 16. exd5 Qb6 17. c3 Qa5 18. Kb1 Rb6 19. hxg6 fxg6 20. Bh6 Bxh6 21. Qxh6 Rf7 22. Ka1 Qxd5 23. Rh4 Bf5 24. Rdh1 Bd3 25. Rf4 Ra6 26. a3 g5 27. Rxf7 Kxf7 28. f4 Ra5 29. f5 Ke8 30. Qxg5 Bxf5 31. Nxf5 Qxf5 32. Qg8+ Kd7 33. Qxc4 1/2-1/2

[Event "Kiel op 30th"]
[Site "Kiel"]
[Date "2017.08.03"]
[Round "8.26"]
[White "Berenstein, Alexander"]
[Black "Rohde, Patrick"]
[Result "0-1"]
[WhiteElo "1997"]
[BlackElo "1939"]
[PlyCount "113"]
[EventDate "2017.07.29"]
[EventType "swiss"]
[EventRounds "9"]
[EventCountry "GER"]
[SourceTitle "EXT 2018"]
[Source "ChessBase"]
[SourceDate "2017.10.13"]
[SourceVersion "1"]
[SourceVersionDate "2017.10.13"]
[SourceQuality "1"]

1. d4 b6 2. c4 Bb7 3. Nc3 Nf6 4. Qc2 Nc6 5. Nf3 d6 6. a3 e5 7. d5 Ne7 8. e4 g6 9. Bd3 Bg7 10. h3 0-0 11. g4 Nd7 12. b4 a5 13. Rb1 axb4 14. axb4 h6 15. Be3 Nf6 16. g5 hxg5 17. Nxg5 Nh5 18. Ne2 Bc8 19. Ng3 Nf4 20. Bxf4 exf4 21. Ne2 Nxd5 22. cxd5 Qxg5 23. Rg1 Qe5 24. h4 f3 25. Rg5 Qh2 26. Ng1 Qh1 27. Bf1 Bf6 28. Rg3 Be5 29. Rg5 Bf4 30. Nxf3 Qxf3 31. Rg1 Ra3 32. Be2 Qc3+ 33. Qxc3 Rxc3 34. f3 Bd7 35. Ra1 Rc1+ 36. Rxc1 Bxc1 37. Kd1 Be3 38. Rg2 Ra8 39. Bc4 Ra1+ 40. Ke2 Bf4 41. Kd3 Bh3 42. Rc2 Bf1+ 43. Kc3 Be5+ 44. Kb3 Rb1+ 45. Ka4 Bh3 46. Bd3 Bd7+ 47. b5 Ra1+ 48. Kb4 Ra7 49. Kc4 Bg3 50. Rg2 Bxh4 51. f4 Bf6 52. Re2 Ra4+ 53. Kb3 Rd4 54. Bc4 Bg4 55. Re1 Bd1+ 56. Kb4 Bh4 57. Rh1 0-1

[Event "Pyramiden Franken Cup"]
[Site "Fuerth"]
[Date "2016.09.02"]
[Round "3"]
[White "Schulz, Lukas"]
[Black "Rohde, Patrick"]
[Result "1-0"]
[WhiteElo "2147"]
[BlackElo "1964"]
[PlyCount "50"]
[EventDate "2016.09.01"]
[EventType "swiss"]
[EventRounds "7"]
[EventCountry "GER"]
[SourceTitle "CBM 174 Extra"]
[Source "ChessBase"]
[SourceDate "2016.10.10"]
[SourceVersion "1"]
[SourceVersionDate "2016.10.10"]
[SourceQuality "1"]

1. e4 c5 2. Be2 d6 3. f4 Nc6 4. Bf3 g6 5. c3 Bg7 6. Ne2 e6 7. 0-0 Nge7 8. Na3 0-0 9. Nc2 d5 10. e5 b6 11. d4 Ba6 12. Re1 Nf5 13. g4 Ng3 14. Nxg3 cxd4 15. Nxd4 Nxd4 16. cxd4 f6 17. Bd2 fxe5 18. dxe5 Rf7 19. f5 gxf5 20. gxf5 exf5 21. e6 Bd4+ 22. Kh1 Rf6 23. Bg5 Bxb2 24. Rb1 Bd4 25. Rc1 Bf1 1-0

[Event "Schleswig Holstein-ch U18 M"]
[Site "Neumuenster"]
[Date "2010.04.09"]
[Round "7"]
[White "Rohde, Patrick"]
[Black "Gogol, Max"]
[Result "1-0"]
[WhiteElo "1716"]
[BlackElo "1680"]
[PlyCount "60"]
[EventDate "2010.04.05"]
[EventType "tourn"]
[EventRounds "9"]
[EventCountry "GER"]
[SourceTitle "EXT 2023"]
[Source "ChessBase"]
[SourceDate "2022.10.05"]
[SourceVersion "1"]
[SourceVersionDate "2022.10.05"]
[SourceQuality "1"]

1. e4 c5 2. Nf3 e6 3. d4 cxd4 4. Nxd4 a6 5. Bd3 Qc7 6. Qe2 Nc6 7. Nxc6 bxc6 8. c4 d6 9. 0-0 Nf6 10. Kh1 d5 11. Bg5 Nxe4 12. Bxe4 dxe4 13. Qxe4 Bb7 14. Nc3 c5 15. Qg4 Qc6 16. Rad1 f6 17. Rfe1 Kf7 18. Bf4 g6 19. Ne4 Bc8 20. Qf3 Kg7 21. Nxf6 Qxf3 22. gxf3 Kxf6 23. Be5+ Ke7 24. Bxh8 Bb7 25. Kg2 Bh6 26. Be5 Rc8 27. Rd3 Bc6 28. Red1 g5 29. Kg3 Kf7 30. Rd8 Rc7 1-0

[Event "Schleswig Holstein-ch U18 M"]
[Site "Neumuenster"]
[Date "2010.04.08"]
[Round "6"]
[White "Neitzel, Mirko"]
[Black "Rohde, Patrick"]
[Result "1/2-1/2"]
[WhiteElo "1874"]
[BlackElo "1716"]
[PlyCount "99"]
[EventDate "2010.04.05"]
[EventType "tourn"]
[EventRounds "9"]
[EventCountry "GER"]
[SourceTitle "EXT 2023"]
[Source "ChessBase"]
[SourceDate "2022.10.05"]
[SourceVersion "1"]
[SourceVersionDate "2022.10.05"]
[SourceQuality "1"]

1. c4 Nf6 2. g3 g6 3. Bg2 Bg7 4. Nc3 0-0 5. d3 d6 6. Nf3 Nc6 7. 0-0 e5 8. Rb1 Nh5 9. b4 f5 10. b5 Ne7 11. Qb3 h6 12. a4 Be6 13. Nd2 Rb8 14. Ba3 Qd7 15. a5 b6 16. axb6 axb6 17. Bb2 f4 18. Ra1 Kh7 19. Ra7 Nc8 20. Ra6 Bh3 21. Nd5 fxg3 22. hxg3 Bxg2 23. Kxg2 Qg4 24. e3 Nxg3 25. fxg3 Qe2+ 26. Kg1 Qxd2 27. Rxf8 Bxf8 28. Ra1 Ne7 29. e4 Nxd5 30. cxd5 Qe3+ 31. Kg2 Qe2+ 32. Kh3 g5 33. g4 Qf3+ 34. Kh2 Qxg4 35. Qc2 Bg7 36. Rf1 Qh4+ 37. Kg2 g4 38. Rf7 Qh3+ 39. Kg1 Rf8 40. Qxc7 Rxf7 41. Qxf7 Qg3+ 42. Kh1 Qh3+ 43. Kg1 g3 44. Qf3 Kg8 45. Bc1 Bf6 46. Be3 Bd8 47. d4 h5 48. dxe5 dxe5 49. Bh6 Be7 50. Be3 1/2-1/2

[Event "Schleswig Holstein-ch U18 M"]
[Site "Neumuenster"]
[Date "2010.04.06"]
[Round "3"]
[White "Rohde, Patrick"]
[Black "Hoeger, Bastian"]
[Result "1/2-1/2"]
[WhiteElo "1716"]
[BlackElo "1832"]
[PlyCount "36"]
[EventDate "2010.04.05"]
[EventType "tourn"]
[EventRounds "9"]
[EventCountry "GER"]
[SourceTitle "EXT 2023"]
[Source "ChessBase"]
[SourceDate "2022.10.05"]
[SourceVersion "1"]
[SourceVersionDate "2022.10.05"]
[SourceQuality "1"]

1. e4 c5 2. Nf3 Nc6 3. d4 cxd4 4. Nxd4 g6 5. c4 Bg7 6. Be3 d6 7. Nc3 Nf6 8. Be2 0-0 9. 0-0 Bd7 10. Rc1 Nxd4 11. Bxd4 Bc6 12. f3 a5 13. Qd2 Nd7 14. Bxg7 Kxg7 15. Qd4+ Kg8 16. Rfd1 Qb6 17. Qxb6 Nxb6 18. Nd5 Bxd5 1/2-1/2

[Event "Kiel Cup U18"]
[Site "Kiel"]
[Date "2008.10.17"]
[Round "5.2"]
[White "Hoeger, Bastian"]
[Black "Rohde, Patrick"]
[Result "1/2-1/2"]
[WhiteElo "1772"]
[BlackElo "1729"]
[PlyCount "77"]
[EventDate "2008.10.16"]
[EventType "team-swiss"]
[EventRounds "7"]
[EventCountry "GER"]
[SourceTitle "EXT 2011"]
[Source "ChessBase"]
[SourceDate "2010.11.26"]
[SourceVersion "1"]
[SourceVersionDate "2010.11.26"]
[SourceQuality "1"]

1. c4 c5 2. Nc3 Nf6 3. e4 d6 4. g3 Nc6 5. Bg2 a6 6. Nge2 e6 7. 0-0 Be7 8. f4 Bd7 9. d3 Rb8 10. h3 b5 11. b3 bxc4 12. bxc4 Qa5 13. Be3 0-0 14. Qd2 Rb6 15. Rfb1 Rfb8 16. Nc1 Rb4 17. Bf3 Ne8 18. Bd1 Bf6 19. Nb3 Qc7 20. g4 g6 21. a3 R4b7 22. Ra2 Nd4 23. Rab2 Nxb3 24. Rxb3 Rxb3 25. Rxb3 Rxb3 26. Bxb3 Qb7 27. Qc2 Nc7 28. Bf2 Na8 29. Nd1 Qb6 30. Be1 Bd4+ 31. Kh2 Qd8 32. Bc3 Qf6 33. Kg3 g5 34. fxg5 Qxg5 35. Bxd4 cxd4 36. Ba4 Qe5+ 37. Kg2 Nb6 38. Bxd7 Nxd7 39. Nf2 1/2-1/2

[Event "Schleswig Holstein-ch U16 VM"]
[Site "Neumuenster"]
[Date "2008.03.29"]
[Round "8"]
[White "Gogol, Max"]
[Black "Rohde, Patrick"]
[Result "1/2-1/2"]
[WhiteElo "1496"]
[BlackElo "1538"]
[PlyCount "61"]
[EventDate "2008.03.24"]
[EventType "swiss"]
[EventRounds "9"]
[EventCountry "GER"]
[SourceTitle "EXT 2009"]
[Source "ChessBase"]
[SourceDate "2008.11.26"]
[SourceVersion "1"]
[SourceVersionDate "2008.11.26"]
[SourceQuality "1"]

1. Nf3 Nf6 2. g3 g6 3. Bg2 Bg7 4. 0-0 0-0 5. d3 d5 6. Nbd2 c5 7. e4 dxe4 8. Nxe4 Nxe4 9. dxe4 Qb6 10. c3 Nc6 11. Qc2 Rd8 12. Be3 Qa5 13. Nd2 Be6 14. Nb3 Bxb3 15. Qxb3 Qb6 16. Qxb6 axb6 17. a3 Na5 18. Rad1 Nc4 19. Bc1 Kf8 20. Rfe1 Ke8 21. Bf1 Ne5 22. Be2 Rxd1 23. Rxd1 Rd8 24. Bb5+ Nc6 25. Rxd8+ Kxd8 26. Bxc6 bxc6 27. Kf1 Kd7 28. Ke2 c4 29. Be3 c5 30. Bf4 e5 31. Be3 1/2-1/2

[Event "GER North-chT U16"]
[Site "Magdeburg"]
[Date "2006.08.27"]
[Round "3.4"]
[White "Devendraraj, Jeshurun"]
[Black "Rohde, Patrick"]
[Result "0-1"]
[WhiteElo "1079"]
[BlackElo "1226"]
[PlyCount "120"]
[EventDate "2006.08.26"]
[EventType "team"]
[EventRounds "7"]
[EventCountry "GER"]
[SourceTitle "EXT 2007"]
[Source "ChessBase"]
[SourceDate "2006.11.23"]
[SourceVersion "1"]
[SourceVersionDate "2006.11.23"]
[SourceQuality "1"]

1. e4 c5 2. Nf3 e6 3. Nc3 Nc6 4. Bc4 a6 5. a4 Qc7 6. 0-0 Be7 7. d3 Nf6 8. Re1 d6 9. Ng5 h6 10. Nf3 Bd7 11. Bb3 0-0 12. Be3 Rfd8 13. d4 cxd4 14. Bxd4 Rac8 15. Re2 Nxd4 16. Nxd4 Bc6 17. Bxe6 fxe6 18. Nxe6 Qb6 19. Nxd8 Rxd8 20. Nd5 Bxd5 21. exd5 Bf8 22. b3 Qc7 23. Qd3 Qf7 24. c4 Re8 25. Rae1 Rxe2 26. Rxe2 Ng4 27. Qf3 Qxf3 28. gxf3 Ne5 29. Kg2 b6 30. Re3 Kf7 31. f4 Ng6 32. Kf1 Nxf4 33. Rf3 g5 34. h4 a5 35. hxg5 hxg5 36. b4 Be7 37. Rb3 Bd8 38. bxa5 bxa5 39. Rb8 Ke8 40. Rb5 Nd3 41. Ke2 Nc5 42. Rxc5 dxc5 43. Kf3 Kf7 44. Kg4 Kg6 45. f4 gxf4 46. Kxf4 Bc7+ 47. Ke4 Kg5 48. d6 Bxd6 49. Kd5 Be7 50. Kc6 Kf6 51. Kb5 Bd8 52. Kxc5 Ke7 53. Kc6 Ke6 54. c5 Ke7 55. Kb7 Kd7 56. c6+ Kd6 57. Ka6 Kxc6 58. Ka7 Kc5 59. Ka6 Kb4 60. Kb7 Kxa4 0-1

[Event "GER North-chT U16"]
[Site "Magdeburg"]
[Date "2006.08.26"]
[Round "2.4"]
[White "Rohde, Patrick"]
[Black "Acker, Gregor"]
[Result "1/2-1/2"]
[WhiteElo "1226"]
[BlackElo "1348"]
[PlyCount "80"]
[EventDate "2006.08.26"]
[EventType "team"]
[EventRounds "7"]
[EventCountry "GER"]
[SourceTitle "EXT 2007"]
[Source "ChessBase"]
[SourceDate "2006.11.23"]
[SourceVersion "1"]
[SourceVersionDate "2006.11.23"]
[SourceQuality "1"]

1. e4 e6 2. d4 d5 3. exd5 exd5 4. Nf3 Bd6 5. Nc3 Nf6 6. Bg5 Be6 7. Bd3 h6 8. Bh4 Nbd7 9. Qe2 c6 10. Ne5 Qb6 11. Nxd7 Qxb2 12. Nxf6+ gxf6 13. 0-0 Qxc3 14. Bxf6 Rg8 15. Rfe1 Kd7 16. Rab1 b5 17. Qh5 Qd2 18. g3 Qf4 19. Be5 Bxe5 20. Qxe5 Qg5 21. Qxg5 Rxg5 22. f4 Rh5 23. Re3 Rg8 24. Re5 Rxe5 25. dxe5 Bh3 26. c3 h5 27. Kf2 Ke6 28. Ra1 Rh8 29. a4 a6 30. axb5 axb5 31. Ra6 Kd7 32. f5 Re8 33. Ra7+ Kd8 34. Ra8+ Kd7 35. Rxe8 Kxe8 36. Ke3 c5 37. Bc2 Kd7 38. Kf4 Kc6 39. Bb3 c4 40. Bc2 Bf1 1/2-1/2

[Event "Schleswig Holstein-ch U14 MT"]
[Site "Neumuenster"]
[Date "2005.03.23"]
[Round "8"]
[White "Butzkies, Jan Niklas"]
[Black "Rohde, Patrick"]
[Result "1/2-1/2"]
[WhiteElo "1235"]
[BlackElo "1198"]
[PlyCount "92"]
[EventDate "2005.03.19"]
[EventType "tourn"]
[EventRounds "9"]
[EventCountry "GER"]
[SourceTitle "EXT 2007"]
[Source "ChessBase"]
[SourceDate "2006.11.23"]
[SourceVersion "1"]
[SourceVersionDate "2006.11.23"]
[SourceQuality "1"]

1. e4 e6 2. d4 d5 3. Nd2 dxe4 4. Nxe4 Nd7 5. Bd3 Ngf6 6. f3 Be7 7. Ne2 b6 8. 0-0 h6 9. c4 Bb7 10. Be3 Qc8 11. Rc1 c5 12. Bb1 0-0 13. N2g3 Rd8 14. Qe2 cxd4 15. Bxd4 e5 16. Be3 Nc5 17. Nxf6+ Bxf6 18. Nf5 e4 19. fxe4 Nxe4 20. Bxe4 Bxe4 21. Nxh6+ gxh6 22. Rxf6 Bg6 23. Bxh6 Qc5+ 24. Kh1 Re8 25. Qf3 Rac8 26. h3 Kh7 27. Bd2 Qd4 28. Rxf7+ Bxf7 29. Qxf7+ Qg7 30. Qf5+ Qg6 31. Qd7+ Qg7 32. Qxg7+ Kxg7 33. Re1 Rxe1+ 34. Bxe1 Rxc4 35. Bc3+ Kg6 36. Kh2 a5 37. a3 a4 38. g4 Re4 39. Kg3 b5 40. Kf3 Rc4 41. h4 Kh6 42. h5 Kg5 43. Bd2+ Kh4 44. h6 Rc7 45. g5 Kh5 46. Ke4 Kg6 1/2-1/2